000 00544nam a2200169Ia 4500
005 20260601193223.0
008 260601s9999||||xx |||||||||||||| ||und||
020 _a978-3-031-45918-4
_qebk
100 _aMorten Lind
245 0 _aFoundations for Functional Modeling of Technical Artefacts
250 _a2024
260 _aHeidelberg, Germany
_bSpringer Nature
_c2024
440 _aDesign Research Foundations
650 _aComputer Science
856 _uhttps://link.springer.com/openurl?genre=book&isbn=978-3-031-45918-4
942 _cEB
_2ddc
999 _c55864
_d55864